| 000 | 00715nam a2200241 a 4500 | ||
|---|---|---|---|
| 001 | 43297 | ||
| 003 | BD-RjUL | ||
| 005 | 20211209053658.0 | ||
| 008 | 160620s1967 mau 001 0 eng | ||
| 035 | _a(BD-RjUL)43415 | ||
| 035 | _a(OCoLC)526343 | ||
| 040 |
_aDLC/ICU _dBD-RjUL _beng _cBD-RjUL |
||
| 041 | _aeng | ||
| 082 |
_a511.3 _223 _bSHM 1967 |
||
| 100 | 1 |
_aShoenfield, Joseph R. _q(Joseph Robert), _d1927- _9132983 |
|
| 245 | 1 | 0 |
_aMathematical logic / _cJoseph R. Shoenfield. |
| 260 |
_aReading, Mass. ; _aLondon : _bAddison-Wesley, _cc1967 |
||
| 300 |
_avii, 344 p. ; _c25 cm. |
||
| 500 | _aIncludes index. | ||
| 650 | 0 |
_aLogic, Symbolic and mathematical. _9117583 |
|
| 942 |
_2ddc _cBK |
||
| 999 |
_c43297 _d43297 |
||